000 01140nam a22002895i 4500
003 EG-ScBUE
005 20250527094936.0
008 150818t1985 flua f b 001 0 eng d
020 _a012170470X (alk. paper)
040 _aEG-ScBUE
_beng
_erda
_cEG-ScBUE
_dEG-ScBUE
082 0 4 _a530.41
_bSYN
_222
245 0 0 _aSynthetic modulated structures /
_cedited by Leroy L. Chang, IBM Thomas J. Watson Research Center, Yorktown Heights, New York, B. C. Giessen, Department of Chemistry, Northeastern University, Boston, Massachusetts.
264 1 _aOrlando, Florida :
_bAcademic Press, Inc.,
_c[1985]
264 4 _cc1985
300 _axi, 502 pages :
_billustrations ;
_c24 cm.
336 _2rdacontent
_atext
_btxt
337 _aunmediated
_2rdamedia
_bn
338 _avolume
_bnc
_2rdacarrier
490 0 _aMaterials science and technology series
504 _aIncludes bibliographical references and index.
650 7 _aLayer structure (Solids)
_2BUEsh
650 7 _aSuperlattices as materials.
_2BUEsh
655 _vReading book
700 1 _aGiessen, B. C.
_c1932-
_eeditor
700 1 _aChange, Leroy L.,
_eeditor
942 _cBB
_2ddc
999 _c5399
_d5399